Kvantovaja mechanika : Kratkij kurs

Enregistré dans:
Détails bibliographiques
Auteur principal: Borisoglevskij, Leonid Aleksandrovič (Auteur)
Format: Livre
Langue:russe
Publié: Minsk : BGU, 1981
Tags: Ajouter un tag
Pas de tags, Soyez le premier à ajouter un tag!

MARC

LEADER 00000nam a22000003a 4500
001 stu89154
005 20150617225627.9
008 040722s1981------------------------rus-d
040 |a STU  |b slo 
041 0 |a rus 
080 |a 530.145 
100 1 |a Borisoglevskij, Leonid Aleksandrovič  |4 aut 
245 1 |a Kvantovaja mechanika :  |b Kratkij kurs 
260 |a Minsk :  |b BGU,  |c 1981 
300 |a 542 s 
996 |b E49556  |c E*49556  |l EE10  |s P  |a 0  |w stu89154_0001